[Event "AUTO-OPEN-4489"]
[Site "http://www.queenalice.com/game.php?id=1825910"]
[Date "2023.11.25"]
[Round "1"]
[White "silverhawks"]
[Black "Capixaba789"]
[Result "1-0"]
[WhiteElo "2170"]
[BlackElo "1764"]

1. e4 e5 2. d4 exd4 3. c3 d5 4. e5 Qe7 5. cxd4 Nc6 6. Nc3 Be6 7. Nf3 h5 8. Bb5
Nh6 9. Bxc6+ bxc6 10. Qa4 Qd7 11. Qb3 Be7 12. Bg5 Bxg5 13. Nxg5 Nf5 14. Ne2 a5
15. O-O O-O 16. Qf3 g6 17. Rfc1 Rab8 18. b3 Qe7 19. Qf4 Rb4 20. Rxc6 Rbb8 21.
Rac1 Rfc8 22. R6c5 Ra8 23. Qd2 Ra7 24. Nc3 1-0

[Event "AUTO-OPEN-4489"]
[Site "http://www.queenalice.com/game.php?id=1825911"]
[Date "2023.11.25"]
[Round "1"]
[White "Capixaba789"]
[Black "silverhawks"]
[Result "0-1"]
[WhiteElo "1766"]
[BlackElo "2169"]

1. e4 c5 2. Nf3 Nc6 3. d3 e5 4. Be3 Nf6 5. Nc3 d5 6. exd5 Nxd5 7. Nxd5 Qxd5 8.
Be2 Be7 9. O-O O-O 10. c4 Qd6 11. b3 Bf5 12. Re1 Rfd8 13. Qc1 Bxd3 14. Bxd3 Qxd3
15. Rb1 e4 16. Nd2 Bd6 17. Nf1 b6 18. Rd1 Qe2 19. Ng3 Bxg3 20. hxg3 Qxa2 21.
Rxd8+ Rxd8 22. Qe1 Rd3 23. Bf4 f5 24. g4 Nd4 25. Kf1 Rxb3 0-1

[Event "AUTO-OPEN-4489"]
[Site "http://www.queenalice.com/game.php?id=1829639"]
[Date "2024.1.19"]
[Round "2"]
[White "donniedarko"]
[Black "silverhawks"]
[Result "0-1"]
[WhiteElo "2288"]
[BlackElo "2181"]

1. e4 e5 2. Nf3 Nf6 3. Nxe5 Nc6 4. Nxc6 dxc6 5. d3 Bc5 6. Be2 h5 7. Be3 Bxe3 8.
fxe3 Bg4 9. h3 Bxe2 10. Qxe2 Qe7 11. Nc3 O-O-O 12. O-O-O Rhe8 13. Qf3 Qe5 14.
Qf4 c5 15. Qxe5 Rxe5 16. b3 Rg5 17. Rd2 Rg3 18. Re2 Rg5 19. a4 c6 20. Rf1 Kc7
21. Rf5 Rxf5 22. exf5 Kd6 23. e4 Ke5 24. Rf2 Rb8 25. Kd2 Rd8 26. Ke3 b6 27. Nd1
Nxe4 28. Rf4 Ng3 29. Nb2 Nxf5+ 30. Kf3 Nd4+ 31. Ke3 Nxc2+ 32. Kf3 Ne1+ 33. Kg3
Nxd3 34. Rxf7 Nxb2 35. Rxg7 Rd3+ 36. Kh4 Rxb3 37. Rxa7 Nxa4 38. Kxh5 Nc3 39. g4
Nb5 40. Rb7 Nd6 41. Re7+ Kf6 42. Rc7 Rxh3# 0-1

[Event "AUTO-OPEN-4489"]
[Site "http://www.queenalice.com/game.php?id=1829640"]
[Date "2024.1.19"]
[Round "2"]
[White "silverhawks"]
[Black "donniedarko"]
[Result "1-0"]
[WhiteElo "2165"]
[BlackElo "2309"]

1. c4 e5 2. e4 Nc6 3. Nc3 Bc5 4. Nf3 d6 5. b3 Bg4 6. Be2 Bxf3 7. Bxf3 Bd4 8. O-O
Nf6 9. Bb2 O-O 10. a3 a5 11. Rb1 h6 12. d3 b6 13. Qd2 Nh7 14. Bg4 Nf6 15. Bf3
Qd7 16. Nd5 Qd8 17. Bxd4 Nxd4 18. Ne3 Nxf3+ 19. gxf3 Nh5 20. Kh1 Nf4 21. Rg1 Kh7
22. Rg3 g6 23. Nd5 Nh5 24. Rh3 c6 25. Ne3 Nf4 26. Rg3 c5 27. Ng2 Ne6 28. Rh3 Qg5
29. Ne3 Nf4 30. Rg3 Qe7 31. Nd5 Nxd5 32. cxd5 f5 33. Rbg1 Rg8 34. exf5 gxf5 35.
Qxh6+ Kxh6 36. Rh3+ Qh4 37. Rxh4# 1-0

[Event "AUTO-OPEN-4489"]
[Site "http://www.queenalice.com/game.php?id=1829645"]
[Date "2024.1.19"]
[Round "2"]
[White "silverhawks"]
[Black "clovis"]
[Result "1-0"]
[WhiteElo "2196"]
[BlackElo "2010"]

1. e4 e5 2. d4 exd4 3. Nf3 Nf6 4. e5 Ne4 5. Qxd4 d5 6. exd6 Nxd6 7. Nc3 Nc6 8.
Qf4 Be7 9. Be3 O-O 10. O-O-O Be6 11. h4 Bf6 12. Nd5 Bxd5 13. Rxd5 Qe7 14. Bd3 a5
15. Ng5 Nb4 16. Bxh7+ 1-0

[Event "AUTO-OPEN-4489"]
[Site "http://www.queenalice.com/game.php?id=1829646"]
[Date "2024.1.19"]
[Round "2"]
[White "clovis"]
[Black "silverhawks"]
[Result "0-1"]
[WhiteElo "2001"]
[BlackElo "2202"]

1. e4 e5 2. Bc4 Nc6 3. Nf3 Bc5 4. O-O Nf6 5. b4 Bxb4 6. c3 Be7 7. d4 exd4 8. e5
dxc3 9. exf6 Bxf6 10. Re1+ Ne7 11. Ng5 d5 12. Bxd5 O-O 13. Bxf7+ Kh8 14. Qh5 Bf5
15. Ne6 Bxe6 0-1

[Event "AUTO-OPEN-4489"]
[Site "http://www.queenalice.com/game.php?id=1832209"]
[Date "2024.2.23"]
[Round "3"]
[White "silverhawks"]
[Black "rockaudrey"]
[Result "1/2-1/2"]
[WhiteElo "2188"]
[BlackElo "2215"]

1. e4 c5 2. Nf3 d6 3. Bc4 Nf6 4. d3 g6 5. O-O Bg7 6. Nc3 O-O 7. Bg5 Nc6 8. h3
Bd7 9. a4 Nd4 10. Re1 Qa5 11. Nxd4 cxd4 12. Nb5 Rfc8 13. Bd2 Qb6 14. a5 Qc5 15.
b4 Qe5 16. f4 Qh5 17. Nxd4 Qxd1 18. Raxd1 Nd5 19. Ne2 Nc7 20. Bc3 e5 21. fxe5
dxe5 22. Rf1 Be6 23. Rf3 Bxc4 24. dxc4 b6 25. Rd7 f6 26. axb6 axb6 27. Bb2 Ra2
28. Rb3 Nb5 29. Nc1 Ra7 30. Rxa7 Nxa7 31. Ra3 Nc6 32. Nd3 f5 33. exf5 gxf5 34.
b5 Na5 35. Bxe5 Rxc4 36. c3 Bxe5 37. Nxe5 Rc5 38. Nd7 Rxb5 39. Nxb6 Rxb6 40.
Rxa5 Rc6 41. Ra8+ Kg7 42. Ra3 h5 43. Kf2 Kg6 44. g3 h4 45. gxh4 Kh5 46. Kg3 Rc4
47. Kf3 Kxh4 48. Kg2 f4 49. Rb3 Rc8 50. Rb4 Rxc3 51. Rxf4+ Kg5 52. Rg4+ Kh5 53.
Rg7 Rb3 54. Rh7+ Kg6 55. Rh8 Kg7 56. Ra8 Rb2+ 57. Kg3 Rb3+ 58. Kg4 Rb4+ 59. Kf5
Rb5+ 60. Ke6 Rb3 61. h4 Rh3 62. Ra4 Kg6 63. Ke5 Kh5 64. Kf5 Rf3+ 65. Ke4 Rf2 66.
Ke3 Rh2 67. Ra8 Rxh4 68. Rg8 Ra4 69. Rg7 Kh6 70. Rg2 Ra3+ 71. Ke4 Ra4+ 72. Ke5
Ra5+ 73. Kf6 Ra6+ 74. Kf5 Ra5+ 1/2-1/2

[Event "AUTO-OPEN-4489"]
[Site "http://www.queenalice.com/game.php?id=1832210"]
[Date "2024.2.23"]
[Round "3"]
[White "rockaudrey"]
[Black "silverhawks"]
[Result "1-0"]
[WhiteElo "2203"]
[BlackElo "2200"]

1. e4 e5 2. Nf3 Nf6 3. Nc3 Nc6 4. Bc4 Nxe4 5. Nxe4 d5 6. Bd3 dxe4 7. Bxe4 Qd6 8.
O-O Be7 9. c3 O-O 10. Bxc6 bxc6 11. Re1 Bg4 12. Qe2 Bf6 13. h3 Bxf3 14. Qxf3 a5
15. Re4 Rfd8 16. Rc4 c5 17. b3 Rab8 18. Ra4 Qa6 19. Ba3 Rxd2 20. Bxc5 Qb5 21.
Be3 Rd3 22. Qe4 Rbd8 23. c4 Qa6 24. b4 Rc3 25. bxa5 Rcd3 26. c5 R3d5 27. Rb1 h6
28. Kh2 Be7 29. Rab4 Qxa5 30. Rb8 Qxa2 31. R1b2 f5 32. Qxf5 Qa6 33. R2b7 Qc6 34.
Rxd8+ Rxd8 35. Rb4 Bxc5 36. Rc4 Rd5 37. Qc2 Qe8 38. Rxc5 Rxc5 39. Qxc5 c6 40. g3
Qe6 41. h4 Qd5 42. h5 e4 43. Qxd5+ cxd5 44. Kh3 Kf7 45. Kg4 g6 46. Bxh6 gxh5+
47. Kxh5 d4 48. Kg4 Ke6 49. Kf4 Kd5 50. g4 d3 51. Ke3 Ke5 52. Bf4+ Kd5 53. g5
Ke6 54. Kxe4 Kf7 55. Kxd3 Kg6 56. Ke4 Kf7 57. Be5 Kg6 58. f4 Kh7 59. Kf5 Kg8 60.
Kg6 Kf8 61. Kh7 Kf7 62. g6+ 1-0

[Event "AUTO-OPEN-4511"]
[Site "http://www.queenalice.com/game.php?id=1832220"]
[Date "2024.2.23"]
[Round "1"]
[White "AranchiA12"]
[Black "silverhawks"]
[Result "0-1"]
[WhiteElo "1924"]
[BlackElo "2189"]

1. e4 c5 2. Nf3 Nc6 3. d4 cxd4 4. Nxd4 Nf6 5. Nc3 e5 6. Ndb5 a6 7. Nd6+ Bxd6 8.
Be2 O-O 9. O-O Re8 10. Qxd6 Nd4 11. Bd3 Re6 12. Qb4 d5 13. Bg5 h6 14. Bxf6 Rxf6
15. Nxd5 Rd6 16. c3 a5 17. Qa4 Bd7 18. Qd1 Ne6 19. Qd2 b5 20. Bc2 Nf4 21. Rfd1
Qg5 22. g3 Nh3+ 23. Kf1 Bg4 0-1

[Event "AUTO-OPEN-4511"]
[Site "http://www.queenalice.com/game.php?id=1832246"]
[Date "2024.2.23"]
[Round "1"]
[White "NickThorp"]
[Black "silverhawks"]
[Result "0-1"]
[WhiteElo "1489"]
[BlackElo "2209"]

1. e4 e5 2. Nf3 Nf6 3. d3 Bc5 4. Nc3 O-O 5. Nxe5 Nc6 6. Nxc6 dxc6 7. Bg5 Re8 8.
h3 Nxe4 9. dxe4 Qxg5 10. Qf3 Be6 11. Bd3 Rad8 12. O-O Bd6 13. a3 Qd2 14. Rad1
Qf4 15. Qxf4 Bxf4 16. b4 Be5 17. Ne2 a6 18. f4 Bb2 19. a4 Ba3 20. c3 Bb3 21. Ra1
Rxd3 22. Rxa3 Bc4 23. e5 Rd2 24. Nd4 Bxf1 25. Kxf1 Rd8 26. g4 Rh2 27. g5 Rxh3
28. Ra2 Rxc3 29. Ne2 Rb3 30. b5 cxb5 31. axb5 Rxb5 32. Kf2 Rb3 33. Ra4 Rd2 0-1

[Event "AUTO-OPEN-4511"]
[Site "http://www.queenalice.com/game.php?id=1832247"]
[Date "2024.2.23"]
[Round "1"]
[White "silverhawks"]
[Black "NickThorp"]
[Result "1-0"]
[WhiteElo "2208"]
[BlackElo "1665"]

1. b3 d5 2. Bb2 Nc6 3. e3 Nf6 4. Bb5 a6 5. Bxc6+ bxc6 6. Nf3 Bg4 7. O-O Qd6 8.
h3 Bh5 9. Nc3 e6 10. Qe2 Be7 11. e4 dxe4 12. Nxe4 Nxe4 13. Qxe4 Bxf3 14. Qxf3
Qxd2 15. Qxc6+ Kf8 16. Qxa8+ Bd8 17. Rad1 Qd6 18. Rxd6 cxd6 19. Qxd8# 1-0

[Event "AUTO-OPEN-4511"]
[Site "http://www.queenalice.com/game.php?id=1832264"]
[Date "2024.2.23"]
[Round "1"]
[White "silverhawks"]
[Black "BeatifulDevil56"]
[Result "1-0"]
[WhiteElo "2194"]
[BlackElo "1986"]

1. e4 d5 2. e5 d4 3. Bc4 e6 4. Nf3 c5 5. d3 h6 6. O-O a6 7. Bf4 g5 8. Bg3 Ne7 9.
Nbd2 Nf5 10. Ne4 Nxg3 11. Nf6+ Ke7 12. fxg3 Nd7 13. Qe2 Nxf6 14. exf6+ Ke8 15.
Ne5 Bd6 16. c3 Bxe5 17. Qxe5 b6 18. Qe4 Rb8 19. a4 Bb7 20. Qe5 dxc3 21. bxc3 Rc8
22. Rab1 Rc6 23. Rf2 Qd6 24. Qxd6 Rxd6 25. Rfb2 Kd7 26. Rxb6 Rxb6 27. Rxb6 Kc7
28. a5 Ra8 29. g4 Kb8 30. Kf2 Kc7 31. g3 1-0

[Event "AUTO-OPEN-4511"]
[Site "http://www.queenalice.com/game.php?id=1832265"]
[Date "2024.2.23"]
[Round "1"]
[White "BeatifulDevil56"]
[Black "silverhawks"]
[Result "1-0"]
[WhiteElo "1961"]
[BlackElo "2214"]

1. d4 d5 2. c4 e6 3. c5 Be7 4. Nf3 Nf6 5. Bg5 O-O 6. e3 h6 7. Bxf6 Bxf6 8. Bd3
Nd7 9. O-O b6 10. cxb6 cxb6 11. Bc2 e5 12. dxe5 Nxe5 13. Nxe5 Bxe5 14. Nc3 Bb7
15. Qd3 Qh4 16. f4 Rfe8 17. fxe5 Qg5 18. Rf5 Qd8 19. Rd1 Qb8 20. Rdf1 Re7 21.
Nxd5 Bxd5 22. Qxd5 Rc7 23. Be4 g6 24. Rxf7 Kh8 25. Rxc7 Qxc7 26. Qxa8+ 1-0

[Event "AUTO-OPEN-4604"]
[Site "http://www.queenalice.com/game.php?id=1860255"]
[Date "2025.7.20"]
[Round "1"]
[White "silverhawks"]
[Black "josebaron"]
[Result "1/2-1/2"]
[WhiteElo "2194"]
[BlackElo "2187"]

1. c4 e5 2. e4 Nf6 3. Nc3 Bc5 4. Nf3 Nc6 5. g3 O-O 6. Bh3 d6 7. Bxc8 Qxc8 8. O-O
Qg4 9. d3 a6 10. Be3 Nd4 11. Bxd4 Bxd4 12. Nxd4 Qxd1 13. Rfxd1 exd4 14. Nd5 Nxd5
15. cxd5 c5 16. dxc6 bxc6 17. Rac1 Rfc8 18. Rc4 c5 19. Rdc1 Rab8 20. b4 g6 21.
a3 a5 22. bxc5 dxc5 23. Rxc5 Rxc5 24. Rxc5 Rb3 25. Rxa5 Rxd3 26. Rd5 Rxa3 27.
Rxd4 Kg7 28. f4 Ra2 29. Rd7 h5 30. e5 Kf8 31. Rb7 h4 32. gxh4 Ra4 33. h5 gxh5
34. f5 Re4 35. Rb5 Kg7 36. Kg2 Rf4 37. e6 fxe6 38. fxe6 Kf6 39. Rxh5 Kxe6 40.
Kg3 Rb4 41. Rg5 Kf6 42. h4 Ra4 43. Kh3 Rb4 44. Rg8 Kf7 45. Rd8 Kg6 46. Rh8 Kg7
47. Rd8 Kg6 48. Rd6+ Kg7 49. h5 Ra4 50. h6+ Kh7 51. Rf6 Rb4 52. Re6 Ra4 53. Rc6
Rb4 54. Kg3 Ra4 55. Rb6 Rc4 56. Rd6 Ra4 57. Re6 Rb4 58. Ra6 1/2-1/2

[Event "AUTO-OPEN-4604"]
[Site "http://www.queenalice.com/game.php?id=1860256"]
[Date "2025.7.20"]
[Round "1"]
[White "josebaron"]
[Black "silverhawks"]
[Result "1-0"]
[WhiteElo "2200"]
[BlackElo "2195"]

1. e4 c5 2. Nf3 Nc6 3. Bb5 e5 4. Bxc6 bxc6 5. O-O Nf6 6. Re1 d6 7. c4 Be7 8. d3
O-O 9. Nc3 Be6 10. Ng5 Bg4 11. f3 Bh5 12. Nh3 a5 13. a4 Rb8 14. Ne2 Nd7 15. Ng3
Bg6 16. Nf5 Bxf5 17. exf5 Bh4 18. g3 Bf6 19. Rb1 d5 20. Bd2 Re8 21. Bc3 d4 22.
Bd2 h6 23. Re4 Qb6 24. b3 Qa7 25. Rg4 Kf8 26. Nf2 Bd8 27. Re4 Nf6 28. Re2 Qd7
29. g4 Bc7 30. Kg2 Qd6 31. Ne4 Nxe4 32. Rxe4 Rb7 33. Qe1 Bb8 34. Bxa5 Kg8 35.
Bd2 Bc7 36. f4 Qf6 37. a5 Ra7 38. h4 Bd6 39. fxe5 Rxe5 40. Rxe5 Bxe5 41. Qe4 Qd6
42. Re1 Bg3 43. Rh1 Re7 44. Qf3 Be5 45. g5 hxg5 46. hxg5 Re8 47. Qh5 Kf8 48. Re1
g6 49. Qh7 gxf5 50. Bf4 f6 51. g6 Qd5+ 52. cxd5 1-0

[Event "AUTO-OPEN-4604"]
[Site "http://www.queenalice.com/game.php?id=1860257"]
[Date "2025.7.20"]
[Round "1"]
[White "silverhawks"]
[Black "profeta"]
[Result "1-0"]
[WhiteElo "2184"]
[BlackElo "1697"]

1. c4 e5 2. Nc3 Nf6 3. e4 Nc6 4. Nf3 Bc5 5. Bd3 d6 6. O-O Bg4 7. Be2 Bxf3 8.
Bxf3 Nd4 9. Qa4+ Qd7 10. Qxd7+ Nxd7 11. Nd5 Nxf3+ 12. gxf3 O-O-O 13. b4 Bd4 14.
Rb1 Rhe8 15. Bb2 Bxb2 16. Rxb2 Nb6 17. Nxb6+ cxb6 18. Kg2 g6 19. d3 a6 20. Rd1
h5 21. d4 f6 22. h4 Kb8 23. Rbd2 b5 24. dxe5 fxe5 25. cxb5 axb5 26. Rxd6 Rxd6
27. Rxd6 Rc8 28. Rxg6 Rc2 29. Rg5 Rxa2 30. Rxe5 Ra4 31. Rxb5 Ka7 32. Rxh5 Rxb4
33. Rg5 Ka6 34. Kg3 Rb1 35. h5 Rg1+ 36. Kf4 Rxg5 37. Kxg5 b5 38. h6 b4 39. h7 b3
40. h8=Q Ka5 41. Qc3+ Ka4 42. e5 Ka3 43. e6 Ka2 44. e7 b2 45. e8=Q b1=Q 46. Qa4#
1-0

[Event "AUTO-OPEN-4604"]
[Site "http://www.queenalice.com/game.php?id=1860258"]
[Date "2025.7.20"]
[Round "1"]
[White "profeta"]
[Black "silverhawks"]
[Result "0-1"]
[WhiteElo "1720"]
[BlackElo "2183"]

1. e4 e5 2. d4 exd4 3. Qxd4 Nc6 4. Qd1 Bc5 5. Nc3 Nf6 6. Nf3 O-O 7. Bg5 d6 8. h3
h6 9. Bxf6 Qxf6 10. Nd5 Qxb2 11. Nxc7 Bxf2+ 12. Kxf2 Qb6+ 13. Nd4 Qxc7 14. Nxc6
Qxc6 15. g3 Bf5 16. Bg2 Bxe4 17. Bxe4 Qxe4 18. Re1 Qf5+ 19. Kg2 Rac8 20. Re2 Rc3
21. Qxd6 Qf3+ 22. Kh2 Qxe2+ 23. Kg1 Rxc2 24. Qd5 Qf2+ 25. Kh1 Qh2# 0-1

[Event "AUTO-OPEN-4480"]
[Site "http://www.queenalice.com/game.php?id=1860568"]
[Date "2025.7.25"]
[Round "2"]
[White "SGF"]
[Black "silverhawks"]
[Result "0-1"]
[WhiteElo "1789"]
[BlackElo "2194"]

1. e4 c5 2. Qf3 Nc6 3. c3 e5 4. d3 Nf6 5. Qg3 g6 6. h4 h5 7. Bg5 Be7 8. b4 cxb4
9. Nf3 bxc3 10. Nxc3 Nb4 11. Kd2 Bd6 12. Nd5 Nbxd5 13. Nxe5 O-O 14. d4 Nxe4+ 15.
Kd3 Nxg3 16. Bxd8 Nxh1 17. Ba5 Nxf2+ 18. Ke2 Ng4 19. Nxg4 hxg4 20. Kd3 b5 21.
Ke4 Nf6+ 22. Kd3 Bb7 23. Kc3 Rac8+ 24. Kb3 Bd5+ 25. Kb2 b4 26. Rd1 Rfe8 27. a3
bxa3+ 28. Ka1 Rc2 29. Bd3 Ra2+ 30. Kb1 Rb8+ 31. Kc1 Rbb2 32. Bc3 Ra1+ 33. Bb1
Raxb1# 0-1

[Event "AUTO-OPEN-4480"]
[Site "http://www.queenalice.com/game.php?id=1860569"]
[Date "2025.7.25"]
[Round "2"]
[White "silverhawks"]
[Black "SGF"]
[Result "1-0"]
[WhiteElo "2193"]
[BlackElo "1772"]

1. d4 d5 2. c4 dxc4 3. e4 Nc6 4. Nf3 f6 5. Bxc4 Bg4 6. O-O Bxf3 7. Qxf3 Nxd4 8.
Rd1 e5 9. Qg3 a6 10. Be3 b5 11. Bd5 Ne2+ 12. Kh1 Nxg3+ 13. fxg3 Qd7 14. Nc3 c6
15. Bxg8 Qxd1+ 16. Rxd1 Rxg8 17. g4 g5 18. Rf1 Kf7 19. Rd1 Bb4 20. Bb6 Bxc3 21.
bxc3 a5 22. Rd6 c5 23. Bxc5 Rac8 24. Rd5 b4 25. cxb4 axb4 26. h3 Ra8 27. Rd7+
Ke6 28. Re7# 1-0